000 00329nam a22001337a 4500
999 _c55007
_d55007
008 200204b ||||| |||| 00| 0 eng d
041 _aeng
080 _2043.3
_a043.3
082 _a043.3
100 _a0
101 _aBTH
245 _aKujdesi Infermieror tek pacientë me Karcinomë të Lëkurës
_cHasani,G
942 _2udc
_cBK